Normal view
MARC view
Entry Topical Term
001 - CONTROL NUMBER
- control field: 249071
003 - CONTROL NUMBER IDENTIFIER
- control field: OSt
005 - DATE AND TIME OF LATEST TRANSACTION
- control field: 20251215102746.0
008 - FIXED-LENGTH DATA ELEMENTS
- fixed length control field: 251215|| aca||aabn | a|a d
040 ## - CATALOGING SOURCE
- Original cataloging agency: OSt
- Transcribing agency: OSt
150 ## - HEADING--TOPICAL TERM
- Topical term or geographic name entry element: Kannada Miscellaneous
670 ## - SOURCE DATA FOUND
- Source citation: Work cat.: (OSt)179950: VIRAPPA (K T) mattu KRASHNAKUMAR (S P) ವೀರಪ್ಪ.ಕೆ.ಟಿ ಸಿ.ಪಿ. ಕೃಷ್ಣಕುಮಾರ್ 249070, Ikshu Kaveri., 1974